000 00658nam a2200265Ia 4500
003 OSt
005 20221005062550.0
006 a|||||r|||| 00| 0
007 ta
008 221004b |||||||| |||| 00| 0 eng d
020 _a0761941878
024 _a73639
037 _cTextual
040 _aCRL
_cCRL
_beng
041 _2eng
_aeng
082 _aY, P1
100 _aRitzer George
245 0 _aHandbook of social theory
260 _aLondon
_bSage Publication
_c2001
300 _a552
_ccm.
650 _aSOCIOLOGY
700 _a Smart Barry
942 _hY, P1
_cTEXL
_2cc
999 _c969875
_d969875